[Event "ISR-chT"]
[Site "Israel"]
[Date "2005.04.08"]
[Round "8.8"]
[White "Avrukh, Boris"]
[Black "Zifroni, Dov"]
[Result "1-0"]
[WhiteElo "2642"]
[BlackElo "2517"]
[Annotator "Avrukh,B"]
[PlyCount "77"]
[EventDate "2005.01.08"]
[EventType "team"]
[EventRounds "11"]
[EventCountry "ISR"]
[SourceTitle "CBM 107"]
[Source "ChessBase"]
[SourceDate "2005.08.01"]
[SourceVersion "1"]
[SourceVersionDate "2005.08.01"]
[SourceQuality "1"]

1. d4 d5 2. c4 e6 3. Nf3 Nf6 4. g3 dxc4 5. Bg2 Nc6 6. O-O Rb8 7. e3 Bd7 {
A seldom played continuation, which nonetheless has been scoring very well for
Black recently.} ({The critical alternative should be} 7... b5) 8. Nc3 $1 $146
{[%mdl 8] After the game I was quite surprised to discover, that this move
never occured in tournament practice. In my opinion White's last move is quite
logical, the key idea now to meet b5 with Ne5 and white's knight has full
control over the square d5.} ({The natural} 8. Qe2 {has been played before} b5
9. Rd1 Be7 10. e4 (10. b3 cxb3 11. axb3 O-O 12. Ne5 Nxe5 13. dxe5 Nd5 14. Rxa7
Ra8 15. Rxa8 Qxa8 {0-1 Urban,K-Ivanov,S/Bydgoszcz 1990/EXT 97 (39) and Black
has nothing to worry about.}) 10... O-O 11. Bf4 Re8 {[%csl Ge2,Ge8]} 12. Ne5 h6
13. Qd2 Bf8 14. a4 a6 15. axb5 axb5 16. Nc3 $13 {0-1 Porat,S-Roiz,M/Tel Aviv
2001/CBM 083 ext (34)}) 8... Be7 ({The principal line would have been :} 8...
b5 9. Ne5 Nxe5 10. dxe5 b4 $1 ({Otherwise White is much better} 10... Nd5 11.
Nxd5 exd5 12. Qxd5 $16) 11. exf6 $1 (11. Ne2 $143 Nd5 12. Qc2 {[%csl Gc4]} c5
13. Qxc4 Bb5 14. Qg4 (14. Qc2 b3 $1 {[%cal Ob3c2,Gd5b4]} 15. Qd1 bxa2 $17 {
[%cal Ca1a2,Gd5b4]}) 14... h5 15. Qf3 Qc7 {[%csl Ge5]} 16. e4 Nb6 {[%csl Ge5]})
11... bxc3 12. fxg7 Bxg7 13. bxc3 Bxc3 (13... O-O 14. Ba3 Re8 15. Qh5 (15. Qg4)
15... Rb5 16. Qe2 {[%csl Gc4]}) 14. Ba3 Bxa1 15. Qxa1 f6 16. Rd1 {with
wonderful compensation for the exchange.}) 9. Ne5 $1 {Now White is threatening
to regain the pawn with much better chances.} Na5 (9... Nxe5 10. dxe5 Nd5 11.
Nxd5 exd5 12. Bxd5 O-O (12... Be6 13. Bxe6 Qxd1 14. Bxf7+ Kxf7 15. Rxd1 $14)
13. Qc2 (13. Bxc4 $2 Bh3 14. Re1 Bb4 $17 {[%csl Ge1]}) 13... b5 14. Be4 h6 15.
Rd1 (15. Bd2 $5 {[%cal Gd2a5]}) 15... Qc8 16. a4 (16. b3 Be6 17. Bb2 c5 $13)
16... bxa4 17. Bd5 $14) 10. g4 $5 {Looks very attractive, but is actually not
the best decision.} (10. Bd2 c5 (10... O-O 11. Ne4) 11. d5 b6 (11... O-O $140
12. Ne4 $1 {[%csl Ga5] ><a5} Nxe4 13. Bxa5 Qxa5 14. Nxd7 $16) 12. e4 exd5 (
12... O-O 13. Bf4 $1 {[%csl Gb8]}) 13. Nxd5 (13. Nxd7 Qxd7 14. Bf4 Rd8 15. e5
Ne4 16. Nxd5 Qxd5 17. Qxd5 Rxd5 18. Bxe4 Rd4 $13) 13... Nxd5 14. exd5 O-O 15.
Bc3 $44) (10. e4 O-O 11. Be3 b5 $132) ({The best move would be} 10. Ne4 $1 {
[%csl Ga5,Gc4][%cal Gc1d2]} O-O 11. Bd2 b6 (11... Nxe4 12. Bxe4 Nc6 13. Nxc4
$14) 12. Rc1 $14 {with a pleasant edge.}) 10... O-O 11. g5 Nd5 $1 (11... Ne8
$143 12. f4 $36) 12. f4 (12. Nxd5 exd5 13. Bxd5 Bxg5 (13... Be8 $5) 14. Nxf7
$140 (14. Bd2 $5) 14... Rxf7 15. Bxf7+ Kxf7 16. f4 Bh4 17. Qh5+ Kg8 18. Qxa5
Bh3 {[%csl Gg1]} 19. Rf3 (19. Qb5 $6 Kh8 $1 20. Qxc4 Qe8 $40) 19... Bg4 20. Rf1
Bh3 $11) 12... Bc6 $2 {A heavy mistake ,which allows White to seize a decisive
offensive.} ({It was essential to trade the knights} 12... Nxc3 13. bxc3 c5 14.
Be4 $1 (14. Rf3 Nc6 15. Rh3 g6 16. Nxc4 b5 17. Ne5 Nxe5 18. dxe5 Qc7 $13) 14...
Bc6 15. Nxc6 Nxc6 16. d5 (16. Bxh7+ Kxh7 17. Qh5+ Kg8 18. Rf3 g6 19. Qh6 Bf6
20. Rh3 Re8 $8 21. gxf6 Qxf6 $17 {[%csl Gc1]}) 16... exd5 17. Bxd5 Bd6 18. Bxc4
(18. e4 Ne7 19. Bxc4 b5 20. Be2 c4 21. Be3 Qc7 $15 {[%cal Gd6c5]}) 18... b5 $13
) 13. Ne4 $1 $40 {Certainly I was happy to avoid the knight's trade, now all
my pieces are ready for decisive action.} Qe8 (13... Bb5 14. Rf3 $1 (14. Qh5 c3
15. Rf3 $140 $2 Be2) 14... c5 15. Rh3 {[%csl Gh7][%cal Oe4c5,Ge2h5]} g6 16. Qe1
(16. Ng4 h5 17. gxh6 f6 $1 18. Rg3 cxd4 19. exd4 Kh7 $13) 16... cxd4 (16... Kg7
17. Nxc5 $16) 17. Qh4 h5 18. Ng3 $1 {[%cal Oe3d4,Gg3h5]} (18. Bf3 Kg7 $1 19.
Bxh5 $140 Rh8 $19) 18... Nf6 19. Bf3 $1 (19. Ng4 Nxg4 20. Nxh5 f5 $1 21. Nf6+
$1 Nxf6 $8 22. gxf6 Kf7 $8 23. fxe7 Qxe7 24. Qe1 {[%csl Ga5][%cal Gh3h7]} Qd8
$8 25. exd4 Nc6 $14) 19... dxe3 20. Bxe3 $18 {[%cal Gg3h5,Gf3h5] with a
decisive attack.} (20. Nxh5 Nxh5 21. Bxh5 Kg7 $1 {[%cal Gf8h8]})) 14. Bd2 $1 {
[%csl Ga5]} ({Less clear is} 14. Qe1 Nb4 15. Qg3 Kh8) 14... Ba4 15. Qg4 b6 (
15... Nc6 16. Nxc4 Bb5 17. Rac1 $16) 16. f5 $1 {White starts a decisive
offensive.} exf5 17. Rxf5 (17. Qxf5 $5 $16) 17... f6 (17... Bd7 18. Nxd7 Qxd7
19. Raf1 Nb7 20. Qg3 $40 {[%cal Ge4f6]}) 18. gxf6 Nxf6 19. Nxf6+ Bxf6 20. Raf1
{[%cal Gf5f6]} Kh8 21. Be4 $1 {[%csl Gh7][%cal Gf5h5] It's very easy to
develop an offensive , when all your pieces are so active. Now White is
threatening 22 Rh5.} Bd7 (21... Nc6 22. Rh5 $18) 22. Rxf6 $1 {Nice tactical
blow, which easily leads to White's decisive advantage.} (22. Bb4 $143 c5 $1)
22... gxf6 (22... Bxg4 23. Rxf8+ Qxf8 24. Rxf8+ Rxf8 25. Nxg4 $18 {would be
hopeless for Black.}) 23. Qxd7 $18 Qh5 {White has a decisive material
advantage, the rest requires just some accuracy.} 24. Nf3 (24. Ng4 Rg8 25. Bf5
$18 {was also strong.}) 24... f5 (24... Rbe8 25. Qf5 $18) 25. Bc2 Rf7 26. Qe6
Rg8+ 27. Kf2 (27. Kh1 Qg4 28. Rf2 Rfg7 29. Qf6 $1 $18 {is also winning.}) 27...
Rfg7 28. d5 $1 {[%cal Gd2c3,Gc3h8]} Qh3 29. Bc3 $5 {here it took me a few
minutes to calculate till the end.} (29. Bxf5 Qg2+ 30. Ke1 $18) 29... Qg2+ 30.
Ke1 Qxc2 31. Bxg7+ Rxg7 32. Qe8+ $1 Rg8 33. Qe5+ Rg7 34. Rg1 Qb1+ 35. Kd2 c3+
$1 {A last trick.} (35... Qd3+ 36. Kc1 $18) 36. Kxc3 $1 (36. Qxc3 $140 $2 Nc4+
37. Qxc4 Rxg1 {with reasonable chances to survive.}) 36... Qxb2+ 37. Kxb2 Nc4+
38. Kc3 Nxe5 39. Rxg7 1-0

[Event "St Petersburg-ch"]
[Site "St Petersburg"]
[Date "1996.??.??"]
[Round "7"]
[White "Khalifman, Alexander"]
[Black "Ivanov, Sergey"]
[Result "1/2-1/2"]
[WhiteElo "2640"]
[BlackElo "2515"]
[Annotator "Baburin,A"]
[PlyCount "93"]
[EventDate "1996.04.??"]
[EventType "tourn"]
[EventRounds "13"]
[EventCountry "RUS"]
[EventCategory "11"]
[SourceTitle "CBM 056"]
[Source "ChessBase"]
[SourceDate "1997.02.01"]
[SourceVersion "1"]
[SourceVersionDate "1997.02.01"]
[SourceQuality "1"]

1. d4 d5 2. c4 e6 3. Nf3 Nf6 4. g3 dxc4 5. Bg2 Nc6 6. Qa4 Bb4+ 7. Bd2 Nd5 8.
Bxb4 Ndxb4 9. O-O Rb8 10. Nc3 a6 11. Ne5 O-O 12. Nxc6 Nxc6 13. Bxc6 bxc6 14.
Qxc4 Rxb2 15. Rab1 Rb6 16. Qc5 h6 {This could be an improvment compared to the
previous game; anyway, Black survived here.} 17. Rfd1 Rxb1 18. Rxb1 Qd6 19. Ne4
Qd5 20. Qxd5 cxd5 21. Nc5 Re8 22. Rb8 Kf8 23. f4 Ke7 24. Kf2 g5 25. Ke3 gxf4+
26. gxf4 h5 27. h4 a5 28. Ra8 Bd7 29. Rxa5 Rg8 30. Ra7 Kd6 31. Ra6+ Ke7 32. Ra7
Kd6 33. Ra6+ Ke7 34. Kf3 Bb5 35. Ra7 Kd6 36. a4 Bc4 37. a5 Rg4 38. Ra8 Rxh4 39.
a6 Rh3+ 40. Kf2 Ra3 41. Rf8 Ra2 42. Rxf7 Bxe2 43. Kg3 Bxa6 44. f5 Bb5 45. Nb7+
Kc6 46. Nd8+ Kd6 47. Nb7+ 1/2-1/2

[Event "Bad Endbach"]
[Site "Bad Endbach"]
[Date "1995.??.??"]
[Round "?"]
[White "Mikhalevski, Victor"]
[Black "Levin, Felix"]
[Result "1-0"]
[WhiteElo "2525"]
[BlackElo "2490"]
[Annotator "Baburin,A"]
[PlyCount "103"]
[EventDate "1995.04.??"]
[EventType "tourn"]
[EventRounds "11"]
[EventCountry "GER"]
[EventCategory "11"]
[SourceTitle "CBM 047"]
[Source "ChessBase"]
[SourceDate "1995.08.01"]
[SourceVersion "1"]
[SourceVersionDate "1995.08.01"]
[SourceQuality "1"]

1. d4 d5 2. c4 e6 3. Nf3 Nf6 4. g3 dxc4 5. Bg2 Nc6 6. O-O Rb8 7. e3 b5 8. Qe2
Be7 9. Rd1 O-O 10. e4 Nb4 11. Ne1 c6 12. Nc3 Bb7 13. Be3 Ra8 14. Bg5 Re8 15. a3
Nd3 16. Nxd3 cxd3 17. Qxd3 a6 {White is better but if he would allow c6-c5 his
advantage might be gone. He employs a standard plan for this pawn formation:
by e4-e5 he forces the exchange of the dark-squared Bishops and prevents c6-c5.
} 18. e5 $1 Nd5 19. Bxe7 Qxe7 20. Ne4 {The d5-square is not too useful for
Black; White can always eliminate the Knight there, while the black Bishop can
never hit the White Knight.} Red8 21. Rac1 a5 22. Qc2 Rab8 23. Qc5 Qd7 24. Nd6
Ne7 25. b4 a4 26. h4 $1 {White threatens to play on the K-side and it forces
Black to do something.} Ba8 27. h5 Nf5 28. Nxf5 exf5 29. Bxc6 Bxc6 30. Qxc6
Qxc6 31. Rxc6 $18 Rd5 32. Rc5 Rbd8 33. Rxd5 Rxd5 34. f4 Kf8 35. Kf2 Rd8 36. Ke3
Rc8 37. Kd3 Ke7 38. h6 g5 39. fxg5 Ke6 40. Ke3 Kd5 41. Rd3 Rc1 42. Kf4 Rc4 43.
Rf3 Kxd4 44. Kxf5 Rc6 45. Kg4 Rc7 46. g6 fxg6 47. e6 Ke5 48. Rf7 Rc4+ 49. Kg5
Kxe6 50. Rxh7 Rc3 51. g4 Rxa3 52. Rb7 1-0

[Event "Schoeneck"]
[Site "Schoeneck"]
[Date "1996.??.??"]
[Round "4"]
[White "Kachiani Gersinska, Ketino"]
[Black "Enders, Peter"]
[Result "0-1"]
[WhiteElo "2415"]
[BlackElo "2500"]
[Annotator "Baburin,A"]
[PlyCount "104"]
[EventDate "1996.??.??"]
[EventType "tourn"]
[EventRounds "9"]
[EventCountry "GER"]
[SourceTitle "CBM 056"]
[Source "ChessBase"]
[SourceDate "1997.02.01"]
[SourceVersion "1"]
[SourceVersionDate "1997.02.01"]
[SourceQuality "1"]

{Along with some advantages which doubled pawns bring to their possesor there
are certain disadvantages as well. One of the chief drawbacks is the inability
to create a passed pawn on the flank where he has such pawns, while his
opponent might have a healty pawn majority on the opposite wing. Here are some
examples of this theme:} 1. d4 Nf6 2. c4 e6 3. g3 d5 4. Nf3 dxc4 5. Bg2 c5 6.
O-O Nc6 7. Ne5 Nxe5 8. dxe5 Nd5 9. Na3 Bd7 10. Nxc4 Bc6 {Such a pawn formation
gives White a space advantage and some play on the d-file; in the middlegame
it can be benefitial for White, but if Black manages to exchange some pieces,
he might highlight the drawbacks of White's pawn structure in the endgame.
This is more or less what happened in this game.} 11. b3 Nb4 12. Bxc6+ Nxc6 13.
Ba3 Qxd1 14. Rfxd1 b6 15. Bb2 Rd8 16. f4 Be7 17. Kf2 O-O 18. e4 Rxd1 19. Rxd1
Rd8 20. Rxd8+ Bxd8 21. a4 Kf8 22. Ke3 Bc7 23. g4 Ke7 24. h4 g6 25. h5 a6 26.
hxg6 (26. h6 {Fixing the weak Ph7 doesn't help} b5 27. axb5 axb5 28. Na3 (28.
Nd2 g5 $1) 28... b4 29. Nb5 (29. Nc4) 29... Bb8 {>< Nb5}) 26... hxg6 27. g5 b5
28. axb5 axb5 29. Na3 Na7 30. Kd3 Kd7 31. Bc1 Bd8 32. Be3 Be7 33. Kc2 Kc7 34.
Nb1 Nc6 35. Nc3 Nb4+ 36. Kd2 Kc6 37. Nd1 c4 38. bxc4 bxc4 39. Kc3 Kb5 40. Nf2
Bc5 41. Ng4 Nd3 42. Bxc5 Kxc5 43. f5 (43. Nh6 Nxf4 44. Nxf7 Nh3 45. Nd8 Nxg5
46. Nb7+ Kc6 47. Na5+ Kb5 48. Nxc4 Nxe4+ 49. Kd4 Kb4 $17) 43... exf5 44. exf5
gxf5 45. Ne3 Nf2 46. Nxf5 (46. Nxc4 Kd5 $19) 46... Ne4+ 47. Kb2 Nxg5 48. Nd6
Kb4 49. Kc2 c3 50. Kd3 Nf3 51. Kc2 Nd4+ 52. Kc1 Kb3 0-1

[Event "Nikolaev zt"]
[Site "Nikolaev"]
[Date "1995.??.??"]
[Round "10"]
[White "Romanishin, Oleg M"]
[Black "Brodsky, Michail"]
[Result "1-0"]
[WhiteElo "2595"]
[BlackElo "2535"]
[Annotator "Baburin,A"]
[PlyCount "151"]
[EventDate "1995.03.??"]
[EventType "swiss"]
[EventRounds "11"]
[EventCountry "UKR"]
[SourceTitle "CBM 047"]
[Source "ChessBase"]
[SourceDate "1995.08.01"]
[SourceVersion "1"]
[SourceVersionDate "1995.08.01"]
[SourceQuality "1"]

1. d4 Nf6 2. Nf3 d5 3. c4 e6 4. g3 dxc4 5. Bg2 Nc6 6. Qa4 Bb4+ 7. Bd2 Nd5 8.
Qb5 O-O 9. Bc3 e5 10. dxe5 Be6 11. O-O a6 12. Qa4 Bf5 13. Nh4 Bxb1 14. Raxb1
Bxc3 15. Qxc4 Bxe5 16. Bxd5 Qf6 $6 {[#]} (16... Na5 17. Qe4 Bf6 18. b4 c6) 17.
Bxc6 {White obtains a permanent advantage due to the weak black pawns. GM
Brodsky did not manage to recover from the damage, which was done to his pawn
formation by 17.Bxc6, although he defended well.} bxc6 18. b3 Rfb8 19. Rbc1 Rb6
20. Nf3 Bd6 21. Qd3 a5 22. Rc4 c5 23. Rd1 Rb4 24. Nd2 Bf8 25. Ne4 Qe5 26. Nc3
Re8 27. e3 Re6 28. Rc1 Qh5 29. Qd5 Qh3 30. Qg2 Qf5 31. h4 c6 32. Qf1 Rxc4 33.
Qxc4 Rd6 34. Qe2 Rd3 35. Na4 Qd5 36. Nc3 Rd2 37. Nxd5 Rxe2 38. Nc3 Rb2 39. Rd1
Rc2 40. Rd3 g6 41. Kf1 Bg7 42. Ne4 Bf8 43. Rd2 Rc1+ 44. Ke2 c4 45. bxc4 Rxc4
46. Kd3 Ra4 47. Rc2 Ra3+ 48. Ke2 Bb4 49. g4 Kg7 50. f4 h6 51. h5 gxh5 52. gxh5
Kf8 53. Ng3 Ke8 54. Nf5 Bf8 55. Rxc6 Rxa2+ 56. Kf3 Rd2 57. Ra6 Bb4 58. Nxh6 Rh2
59. Ng4 Rh1 60. Ke4 f5+ 61. Kxf5 Rxh5+ 62. Ke6 Kd8 63. f5 Kc7 64. Ra8 Rh4 65.
Nf6 Kb7 66. Rg8 a4 67. Nd5 Re4+ 68. Kd7 Bc5 69. Rg1 Rc4 70. Rb1+ Ka7 71. f6 a3
72. Rb5 Bf8 73. Ra5+ Kb7 74. f7 Rc5 75. Rxc5 Bxc5 76. Nc3 1-0

[Event "Moscow"]
[Site "Moscow"]
[Date "1981.04.??"]
[Round "8"]
[White "Polugaevsky, Lev"]
[Black "Andersson, Ulf"]
[Result "1/2-1/2"]
[WhiteElo "2620"]
[BlackElo "2610"]
[Annotator "Belov,I"]
[PlyCount "64"]
[EventDate "1981.04.08"]
[EventType "tourn"]
[EventRounds "13"]
[EventCountry "URS"]
[EventCategory "15"]
[SourceTitle "MCL"]
[Source "ChessBase"]
[SourceDate "1999.07.01"]
[SourceVersion "1"]
[SourceVersionDate "1999.07.01"]
[SourceQuality "1"]

1. d4 Nf6 2. c4 e6 3. g3 d5 4. Nf3 dxc4 5. Bg2 c5 6. O-O Nc6 7. Qa4 (7. Ne5 Bd7
8. Na3 cxd4 9. Naxc4 Bc5 10. Qb3 O-O 11. Bf4 $14) 7... cxd4 $5 (7... Bd7 8.
Qxc4 $14) 8. Nxd4 Qxd4 (8... Bd7 9. Nxc6 Qb6 10. Nd2 Bxc6 11. Bxc6+ bxc6 12.
Nxc4 Qb5 13. Qc2 $14) 9. Bxc6+ Bd7 (9... bxc6 10. Qxc6+ Qd7 11. Qxa8 Bc5 12.
Nc3 O-O 13. Rd1 Qc7 14. Qf3 Bb7 15. Bf4 $1 $16 {Christiansen,L-Lhagva,G/Luzern
(ol)/1982/1:0 (54) Inf 34/578/}) 10. Rd1 (10. Be3 Bxc6 11. Qxc6+ Qd7 12. Qxc4
Be7 13. Nc3 O-O 14. Rfd1 $14 {Gulko,B-Polgar,Z/Biel/1987/1:0 (53) Inf 44/604/})
10... Qxd1+ (10... Bxc6 11. Qxc6+ bxc6 12. Rxd4 $16) 11. Qxd1 Bxc6 12. Qc2 (12.
Bg5 Ne4 $1 13. Be3 h5 14. f3 Nf6 15. Nd2 Rd8 16. Qc1 h4 17. Nxc4 hxg3 18. hxg3
Rd5 $1 $15 {Mochalov,E-Sturua,Z/URS/1979/0,5 (34) Inf 28/501/}) (12. Nd2 $5 h5
(12... b5 13. a4 Be7 14. axb5 Bxb5 15. Nxc4 O-O 16. b3 Rfc8 17. Ba3 $14 {
Hjartarson,J-Olafsson,H/Reykjavik/1986/1:0 (34) Inf 42/639/}) 13. Nxc4 Rd8 14.
Qc2 h4 15. Bf4 hxg3 16. Bxg3 $14 {Neistadt/}) 12... Be7 (12... h5 13. Qxc4 h4
14. g4 Bd5 15. Qf4 Ne4 16. Nc3 Bd6 {Smejkal,J-Ribli,Z/Malta(ol)/1980/0,5 (16)/}
) 13. Qxc4 O-O 14. Nc3 Rfd8 (14... Rfc8 15. a4 a6 16. a5 {Mikhalchishin,
A-Chernin,A/URS(chI)/1981/0,5 (16)/}) 15. Be3 Nd5 16. Nxd5 Bxd5 17. Qg4 Rdc8
18. Bd4 Bf8 19. e4 (19. Rd1 $5 Bxa2 (19... Rc2 20. e4 Bc6 (20... Bxa2 21. Ra1
Bc4 22. Qd1) 21. Bc3 $14) 20. Ra1 Bd5 21. e4 Bc6 22. Rxa7 $14) 19... Bc6 20. h4
(20. Rd1 Rd8) 20... Rd8 21. Bc3 Rd3 22. h5 h6 23. Re1 (23. Rd1 $2 Rxd1+ 24.
Qxd1 Bxe4) 23... Rad8 $10 24. Kh2 a6 25. Re2 Rd1 26. Re1 R1d3 (26... Rxe1 27.
Bxe1 $14) 27. Re2 Bb5 28. Rc2 Ba4 29. b3 Bc6 30. Qf4 Bd6 31. Be5 Bf8 32. Bc3
Bd6 1/2-1/2

[Event "St Petersburg zt"]
[Site "St Petersburg"]
[Date "1993.??.??"]
[Round "1"]
[White "Tregubov, Pavel V"]
[Black "Sakaev, Konstantin"]
[Result "1-0"]
[WhiteElo "2445"]
[BlackElo "2555"]
[Annotator "Belov,I"]
[PlyCount "160"]
[EventDate "1993.01.??"]
[EventType "swiss"]
[EventRounds "9"]
[EventCountry "RUS"]
[SourceTitle "CBM 034"]
[Source "ChessBase"]
[SourceDate "1993.06.01"]
[SourceVersion "1"]
[SourceVersionDate "1993.06.01"]
[SourceQuality "1"]

1. d4 d5 2. c4 c6 3. Nf3 Nf6 4. Nc3 e6 5. g3 dxc4 6. Bg2 b5 (6... Nbd7 7. a4 (
7. O-O Be7 8. e4 O-O 9. Bf4 $1 Qa5 (9... b5 10. d5 $1) 10. a4 Bb4 11. Qc2 h6
12. Nd2 Nb6 13. Bc7 $1 Ne8 14. Nxc4 Qa6 15. Nxb6 axb6 16. Bf4 $16 {Sosonko,
G-Van der Wiel,J/Eindhoven/1992/}) 7... Bb4 (7... Be7 $5 8. O-O O-O 9. e4 e5
$13 {Gelfand,B-Timman,J/Tilburg/1990/}) 8. O-O O-O 9. Qc2 Qe7 10. Bf4 Nd5 (
10... a5 11. Rad1 Nd5 12. Bc1 Bd6 13. Ne4 b5 14. Nfg5 f5 15. Nxd6 Qxd6 16. e4
$44 {Gelfand,B-Lobron,E/Munich/1991/})) 7. Bg5 (7. O-O Bb7 8. a4 a6 9. Ne5 Nd5
10. axb5 axb5 11. Rxa8 Bxa8 12. Bd2 Nd7 13. Nxd7 Qxd7 14. e4 Nxc3 15. Bxc3 Be7
16. d5 $1 $44 {Geller,E-Dolmatov,S/URS-ch/1979/}) (7. Ne5 Nd5 8. a4 f6 9. Nf3
b4 10. Ne4 Be7 11. O-O O-O 12. Qc2 Ba6 13. Bh3 f5 14. Neg5 b3 15. Qd1 Rf6 16.
e4 Nb4 17. exf5 exf5 18. Re1 {Gelfand,B-Shirov,A/Paris/1992/}) 7... Nbd7 8. Ne5
Nxe5 9. Bxf6 gxf6 (9... Qxf6 $2 10. dxe5 Qd8 $8 11. Bxc6+ Bd7 12. Qxd7+ Qxd7
13. Bxd7+ Kxd7 14. Nxb5 $16) 10. dxe5 Bb7 $146 (10... Bd7 11. exf6 Qxf6 12. O-O
Rd8 13. a4 $1 $44 {Khalifman,A-Sveshnikov,E/Moscow/1987/}) 11. O-O (11. exf6
Qxf6 12. Nxb5 (12. O-O Rd8 13. Qc2 Qe7 $13) 12... Bb4+ $13) 11... b4 (11...
fxe5 $6 12. Nxb5 Be7 13. Qc2 O-O 14. Rfd1 Qa5 15. Nd6 $16) (11... a6 $142 12.
exf6 Qxf6 13. a4 Rd8 14. Qc2 Qe7 $13) 12. Ne4 fxe5 13. Qc1 Qe7 (13... Bg7 $2
14. Rd1 Qc7 15. Nd6+ $16) (13... Be7 14. Qh6 Qc7 15. Rad1 $44) 14. Rd1 Rd8 15.
Qxc4 Rd5 $1 (15... Bg7 16. Rxd8+ Kxd8 $8 17. Nc5 $16) (15... a5 16. Nf6+ $1
Qxf6 17. Bxc6+ Bxc6 18. Qxc6+ Ke7 19. Rxd8 $18) 16. Nd2 Bg7 17. Nb3 (17. Bxd5
$2 exd5 18. Qc2 O-O $17) 17... e4 $5 (17... Rxd1+ 18. Rxd1 O-O 19. Nc5 $16 a5
20. Rd7 Ba6 21. Qc2) (17... O-O 18. Bxd5 exd5 19. Qc5 Qxc5 20. Nxc5 Bc8 21. e4
$16) 18. Bxe4 Bxb2 19. Rab1 Bc3 20. a3 (20. Bxd5 $5 exd5 21. Qc5 $14) 20...
Rxd1+ 21. Rxd1 O-O 22. Nc5 a5 23. axb4 (23. Rd7 Ba6 $3) 23... axb4 (23... Bxb4
24. Nd7 Rd8 25. Qd4 $16) 24. Bc2 Bc8 25. Ne4 Bg7 (25... Rd8 26. Nxc3 bxc3 27.
Rxd8+ Qxd8 28. Qxc6 $16) 26. Nd6 c5 27. Qxc5 Ba6 28. Qxb4 Rd8 (28... Bxe2 $2
29. Qe4 $18) 29. Rd2 $1 Qc7 (29... Bxe2 30. Qe4 Ba6 (30... h6 31. Nf5) (30...
Rxd6 31. Qxh7+ Kf8 32. Rxe2 $16) 31. Nf5 Qc7 32. Rxd8+ Qxd8 33. Nxg7 Kxg7 34.
Qxh7+ $16) 30. Ne4 Rxd2 31. Qxd2 Bb7 32. Nd6 Bc6 33. Qd3 h6 34. Ne4 Qa5 (34...
Bxe4 $16) 35. Nd2 $1 Bb7 36. h4 Qa1+ 37. Nf1 Qa5 38. Qh7+ Kf8 39. Be4 Ba6 40.
Bf3 Qe5 41. Qc2 Qd6 42. Qe4 Bb5 (42... Bf6) 43. Qa8+ Be8 44. Kg2 Bf6 45. Ne3
Qd8 46. Qe4 Bg7 $6 (46... Qd4 47. Qh7 Bg7 48. Ng4 f5 $1 49. Nxh6 Qf6 $13) 47.
Ng4 Kg8 (47... h5 48. Ne5 $18) 48. Qf4 Kh7 49. e4 $1 Qd4 50. Qc7 Qd7 51. Qc5
Qd8 52. e5 $1 $18 Ba4 53. Qa7 Qd7 54. Be4+ Kh8 55. Qb8+ Qe8 56. Qc7 Qf8 (56...
Qd7 57. Qc1 $18) 57. Nf6 Bb3 58. Qb7 Bc4 59. Kh2 Ba2 60. Bf3 Bxf6 61. exf6 Bc4
62. Be4 Kg8 63. Qc7 Bd5 64. Bxd5 exd5 65. Qd7 Qc5 66. Qe8+ Qf8 67. Qd7 Qc5 68.
Qg4+ Kf8 69. Qg7+ Ke8 70. Qg8+ Qf8 71. Qxf8+ Kxf8 72. Kg2 Ke8 73. Kf3 Kd7 74.
Ke3 Ke6 75. Kd4 Kxf6 (75... Kd6 76. g4 Ke6 77. g5 hxg5 78. hxg5 Kf5 79. f4 $18)
76. Kxd5 Kf5 77. f3 Kf6 78. g4 Kg6 79. Ke5 Kg7 80. h5 Kg8 1-0